| 000 | 00905nam a22001937a 4500 | ||
|---|---|---|---|
| 999 |
_c58989 _d58989 |
||
| 003 | Ge_BSU | ||
| 005 | 20221027153036.0 | ||
| 008 | 221027s2002 ge ||||| |||| 00| 0 geo d | ||
| 020 | _a9992892323 | ||
| 041 | _ageo | ||
| 080 | _a339.138 მ-85 | ||
| 100 |
_aმორდენი, ენტონი რ. _b _915597 |
||
| 245 |
_aმარკეტინგის საფუძვლები = Elements of Marketing : _bსრული კურსი / _cმთარგმნ.: ნანა ქუთათელაძე. |
||
| 264 |
_aთბილისი : _bეკონ. კვლევისა და პოლიტ. ტექნოლოგიების ცენტრი, _c2002. |
||
| 300 |
_a457გვ. ; _b28სმ. |
||
| 653 | _aმარკეტინგი | ||
| 700 |
_aქუთათელაძე, ნანა _eმთარგმნელი _915598 |
||
| 942 |
_2udc _cBK |
||